Operácie psa a mačky

Bibliographic Details
Other Authors: Schebitz, Horst (Compiler), Brass, Wilhelm (Compiler), Němeček, Ladislav (Translator), Mudroň, Pavol, 1962- (Translator), Hanzlová, Anna (Translator), Stachová, Dominika (Translator), Trbolová, Alexandra, 1962- (Translator)
Format: Book
Language:Slovak
Czech
German
PhysicalDescription:xvi, 448 s. fotogr. 30 cm
Published: Bratislava H & H 2000
ISBN:808870037X
Subjects:

MARC

LEADER 00000nam a2200000 a 4500
001 vtls001409590
003 SK-MaSNL
005 20260301071954.0
008 240313s2000 xo aa r y slo
015 |a SNBA2001/06-01979 
020 |a 808870037X 
035 |a SNK000364278 
035 |a urn:nbn:sk:snk-am3h4py 
035 |a urn:nbn:sk:snk-am00cnjr 
035 |a E3930B6A-EB37-4D25-A978-4578D9568C26 
040 |a SNK  |b slo  |c SNK  |e AACR2 
041 1 |a cze  |h ger 
044 |a xo  |c SK 
080 |a 619:617.5:636.7/.8=854=850  |2 1981 
080 |a 636.7/.8=854=850  |2 1981 
130 1 0 |a Operationen an Hund und Katze  |l Slovensky, Česky  |9 390606 
245 0 0 |a Operácie psa a mačky  |c Horst Schebitz, Wilhelm Brass [(zost.)] ; [z nemeckého originálu preložili Pavol Mudroň ... [et al.]] 
246 1 0 |a Operace psa a kočky 
260 |a Bratislava  |b H & H  |c 2000 
300 |a xvi, 448 s.  |b fotogr.  |c 30 cm 
500 |a Text aj čes. 
500 |a Údaj o prekl. prevzatý z rubu tit. strany 
504 |a Bibliogr. odkazy. Reg. 
650 0 7 |a chirurgia veterinárna  |x psy  |x mačky  |x monografie  |2 SNK  |9 390607 
650 0 7 |a psy  |x chirurgia veterinárna  |x monografie  |2 SNK  |9 390608 
650 0 7 |a mačky  |x chirurgia veterinárna  |x monografie  |2 SNK  |9 390609 
655 7 |a príručky  |2 SNK  |9 74364 
700 1 |a Schebitz, Horst  |4 com  |9 390610 
700 1 |a Brass, Wilhelm  |4 com  |9 390611 
700 1 |a Němeček, Ladislav  |4 trl  |9 390612 
700 1 |a Mudroň, Pavol,  |d 1962-  |4 trl  |9 219153 
700 1 |a Hanzlová, Anna  |4 trl  |9 8845 
700 1 |a Stachová, Dominika  |4 trl  |9 390613 
700 1 |a Trbolová, Alexandra,  |d 1962-  |4 trl  |9 193046 
730 |t Operationen an Hund und Katze  |9 390614 
919 |a 80-88700-37-X 
958 |a TL 
958 |a OP 
958 |a NS 
958 |a NB 
958 |a CZ 
958 |a DE 
958 |a VM 
968 |a Slo, Čes  |b DT 
999 |c 639607  |d 641537 
952 |t P60, <03>, [BOOK], {603}  |a SNK  |b SNK  |y PREZ  |7 0  |p 17A0293276  |o snkSB 63192  |i snkKSP 4063/2001  |0 0  |1 0  |4 0  |d 2001-03-20  |f 1  |l 0  |r 2025-04-15 00:00:00  |w 2026-02-23 
952 |t P60, <04>, [BOOK], {604}  |a SNK  |b SNK  |y VYP  |7 0  |p 17A0293277  |o snkSB 63192 D1  |i snkKSP 4064/2001  |0 0  |1 0  |4 0  |d 2001-03-20  |l 0  |r 2005-01-02 00:00:00  |w 2026-02-23